[Event "Le Touquet op 22nd B"]
[Site "Le Touquet"]
[Date "2007.10.27"]
[Round "1.9"]
[White "Saligo, Laura"]
[Black "Robion, Jean Claude"]
[Result "1-0"]
[WhiteElo "1560"]
[BlackElo "1816"]
[PlyCount "59"]
[EventDate "2007.10.27"]
[EventType "swiss"]
[EventRounds "9"]
[EventCountry "FRA"]
[SourceTitle "EXT 2024"]
[Source "ChessBase"]
[SourceDate "2023.10.10"]
[SourceVersion "1"]
[SourceVersionDate "2023.10.10"]
[SourceQuality "1"]

1. d4 Nf6 2. Bf4 g6 3. e3 Bg7 4. c3 0-0 5. Nf3 d6 6. Bc4 Nc6 7. Nbd2 Bg4 8. h3 Bd7 9. 0-0 Na5 10. Be2 c5 11. Nb3 Nxb3 12. Qxb3 Bc6 13. Rfd1 cxd4 14. exd4 Nd5 15. Bg3 Qb6 16. Qc2 Nf6 17. Re1 Be4 18. Qd2 Rfe8 19. Nh2 Rac8 20. Ng4 Nxg4 21. Bxg4 f5 22. Be2 e5 23. d5 Qc5 24. c4 f4 25. Bh2 g5 26. Bg4 Bxg2 27. Bxc8 f3 28. Be6+ Kh8 29. Rac1 Bh6 30. h4 1-0

[Event "FRA-ch Seniors"]
[Site "Chartres"]
[Date "2005.08.25"]
[Round "9"]
[White "Robion, Jean Claude"]
[Black "Leitner, Walter"]
[Result "0-1"]
[WhiteElo "1953"]
[BlackElo "2097"]
[PlyCount "80"]
[EventDate "2005.08.15"]
[EventType "swiss"]
[EventRounds "10"]
[EventCountry "FRA"]
[SourceTitle "EXT 2006"]
[Source "ChessBase"]
[SourceDate "2005.11.24"]
[SourceVersion "1"]
[SourceVersionDate "2005.11.24"]
[SourceQuality "1"]

1. e4 c6 2. d4 d5 3. Nc3 dxe4 4. Nxe4 Nf6 5. Ng3 e5 6. Nf3 exd4 7. Qxd4 Qxd4 8. Nxd4 Bc5 9. Be3 Nd5 10. Bc4 Nxe3 11. fxe3 0-0 12. 0-0 Nd7 13. Rf5 Bxd4 14. exd4 Nb6 15. Rc5 Nxc4 16. Rxc4 Rd8 17. c3 Be6 18. Ra4 a5 19. Ne4 b5 20. Ra3 Bd5 21. Nc5 Re8 22. Kf2 Re7 23. Re1 Rxe1 24. Kxe1 Bxg2 25. Nb7 Bd5 26. Nxa5 g5 27. Kf2 f5 28. c4 bxc4 29. Nxc4 Rxa3 30. Nxa3 Bxa2 31. Nc2 Bd5 32. Ne3 Be4 33. Nc4 f4 34. b4 Kf8 35. Ne5 Ke7 36. Nc4 Ke6 37. Nb6 h5 38. Ke2 g4 39. Kf2 h4 40. Kg1 g3 0-1